000 00834nam a2200265 a 4500
001 32011
003 BD-RjUL
005 20211209051758.0
008 140423s1987 ii b 001 0 eng d
020 _a8185169160 :
035 _a(BD-RjUL) 32100
040 _aDLC
_cDLC
_dDLC
_dBD-RjUL
_beng
041 _aeng
082 0 4 _221
_a630.92
_bCHU 1987
100 1 _aChattopadhyay, Santinath.
_997436
245 1 4 _aThe universal man :
_bTagore's vision of the religion of humanity /
_cSantinath Chattopadhyay.
260 _aCalcutta, India :
_bNaya Prokash,
_c1987.
300 _axxii, 210 p. ;
_c22 cm.
504 _aBibliography: p. [195]-204. and Index
600 1 0 _aTagore, Rabindranath,
_d1861-1941.
_997440
650 0 _aHumanism
_xHistory.
_989128
942 _2ddc
_cBK
999 _c32011
_d32011